000 004590000a22001810004500
003 MACL
005 20150825164635.0
008 150825b xxu||||| |||| 00| 0 eng d
040 _aMACL
_cMACL
041 _aEnglish
082 _a700
100 _aSheikh, Gulam Mohammed
_97470
245 _aParoksa
_bCoomaraswamy Centenary Seminar Papers
260 _bLalit kala Akademi
_c1984
_aNew Delhi
350 _a150
650 _aArts
_97471
942 _cBK
_k700
_2ddc
999 _c6052
_d6052